Boj s drakom alebo veternými mlynmi

Bibliographic Details
Main Authors: Sivák, Jozef, 1945- (Author), Sýkora, Peter (Author)
Format: Article
Language:Slovak
Subjects:

MARC

LEADER 00000nab a2200000 a 4500
001 vtls000494243
003 SK-MaSNL
005 20260303004654.0
008 140422c1993 xo 0 slo
015 |a SNBRB19rr/mm-uuuuu 
035 |a CL0494381 
040 |a SNKBUCL  |b slo  |c SNKBUCL  |e AACR2 
041 0 |a slo 
044 |a xo  |c SK 
080 |a 82.09:885.4-4(048)  |2 1981 
080 |a 885.4-4(048)  |2 1981 
080 |a 14  |2 1981 
100 1 |a Sivák, Jozef,  |d 1945-  |4 aut  |9 18581 
245 1 0 |a Boj s drakom alebo veternými mlynmi  |c Jozef Sivák 
650 0 7 |a eseje filozofické  |2 snkbucl  |9 388486 
655 7 |a články z novín a časopisov  |2 snkbucl  |9 267496 
655 7 |a články z odboru literárna veda a krásna literatúra  |2 snkbucl  |9 770045 
700 1 |a Sýkora, Peter  |4 aut  |9 275990 
773 0 |t Literárny týždenník  |g Roč. 6, č. 24 (1993), s. 4-5 
787 0 8 |i Rec.:  |a Sýkora, Peter  |t Boj s drakom  |d Bratislava : F.R.G., 1992 
850 |a Slovenská národná knižnica v Martine  |a MTA001 
852 |a SNK  |b KIS3GCP 
958 |a RK 
958 |a LX 
999 |c 1578821  |d 1580751